00973nac a22002891u 4500003000900000005001700009008004100026020001500067040004300082082001700125100005100142245005400193264003100247264001000278300002300288336002600311337002800337338002700365650002700392651001000419653000800429655002400437856008800461942001200549999001500561952010700576EG-ScBUE20220908111401.0200219t1984 nyu f 000 0 eng d a0486247406 aEG-ScBUEbengerdacEG-ScBUEdEG-ScBUE04a700bBEE2221 aBeethoven, Ludwig van,‏d1770-1827,eauthor.10aFidelio :bin full score /cLudwig van Beethoven. 1aNew York :bDover,c[1984] 4cc1984 a269 pages ;c31 cm 2rdacontentatextbtxt 2rdamediaaunmediatedbn 2rdacarrieravolumebnc 7aOperasxScores.2BUEsh 2BUEsh bART vReading book934232423Publisher descriptionuhttp://www.loc.gov/catdir/description/dover032/84755927.html cBB2ddc c3138d3138 00102ddc4070aMAINbMAINc2NDd2007-03-22ePurchasel0o700 BEEp000030484r2025-07-15 00:00:00yBB